000 00455nmm a2200169Ia 4500
008 251105s9999||||xx |||||||||||||||||und||
020 _a8496356485
041 _aspa
100 _aRotger, Neus / Valls, Fernando
245 0 _aCiempiés
264 _a[Madrid, España] :
_bMontesinos,
_c2005
300 _a312 páginas
490 _aNarrativa
650 _aSpanish narrative
856 _uhttps://public.digitaliapublishing.com/a/24421
942 _cCF
999 _c74010
_d74010